| 000 | 00347nam a2200133Ia 4500 | ||
|---|---|---|---|
| 008 | 240624s9999 xx 000 0 und d | ||
| 041 | _aeng | ||
| 082 | _a658.155 TAY | ||
| 100 | _aTAYLOR LIZ | ||
| 245 | _aPRACTICAL ENTERPRISE RISK MANAGEMENT HOW | ||
| 260 |
_c2014 _aLondon _bKogan Page |
||
| 300 | _axi, : 315 : p. : cm. ; 23 | ||
| 365 |
_cGBP _b30 |
||
| 999 |
_c27455 _d27455 |
||